voc 1 espagnol - Statistiques

Statistiques générales
  • Ce quiz a été pris 225 fois
    220 depuis la dernière actualisation
  • Le résultat moyen est 20 sur 35
Statistiques - réponses
Hint Réponse % Correct
oui si
100%
de rien de nada
96%
non no
84%
parler hablar
83%
svp por favor
80%
bonjour hola
79%
vivre/habiter vivir
79%
avec con
78%
dans en
77%
aller ir
75%
écrire escribir
74%
la rue la calle
74%
travailler trabajar
72%
à demain hasta mañana
71%
pour para
71%
le centre el centro
68%
voyager viajar
67%
sans sin
64%
apprendre aprender
62%
un voyage un viaje
57%
ok/d'accord vale
53%
à/en ( mouvement ) a
51%
chercher buscar
51%
le nom el nombre
49%
deuxièmement segundo
49%
à toute à l'heure hasta luego
47%
ça va ? qué tal ?
41%
dans une entreprise en una empresa
40%
arriver llegar
40%
répondre contestar
22%
prendre coger
20%
nom de famille el apellido
20%
le chauffeur de taxi el taxista
18%
un petit village un pueblo pequeño
10%
un hébergement un alojamiento
7%
Aucun quiz correspondant
Distribution des résultats
% des personnes avec chaque résultat
Percentile par nombre de réponses
Votre historique - résultats
Vous n’avez pas pris ce quiz depuis la dernière actualisation